NLSUI OPAC header image

William Blackstone : (Record no. 25935)

MARC details
000 -LEADER
fixed length control field 01484cam a22003974a 4500
001 - CONTROL NUMBER
control field 15603977
003 - CONTROL NUMBER IDENTIFIER
control field OSt
005 - DATE AND TIME OF LATEST TRANSACTION
control field 20260105063512.0
008 - FIXED-LENGTH DATA ELEMENTS--GENERAL INFORMATION
fixed length control field 090129s2008 enkabef b 001 0beng
010 ## - LIBRARY OF CONGRESS CONTROL NUMBER
LC control number 2009285245
015 ## - NATIONAL BIBLIOGRAPHY NUMBER
National bibliography number GBA887775
Source bnb
016 7# - NATIONAL BIBLIOGRAPHIC AGENCY CONTROL NUMBER
Record control number 014668116
Source Uk
020 ## - INTERNATIONAL STANDARD BOOK NUMBER
International Standard Book Number 9780199550296
Qualifying information hbk.
020 ## - INTERNATIONAL STANDARD BOOK NUMBER
International Standard Book Number 0199550298
Qualifying information hbk.
035 ## - SYSTEM CONTROL NUMBER
System control number 15603977
035 ## - SYSTEM CONTROL NUMBER
System control number (OCoLC)233939160
040 ## - CATALOGING SOURCE
Original cataloging agency UKM
Transcribing agency UKM
Modifying agency BTCTA
-- BAKER
-- YDXCP
-- BWKUK
-- BWK
-- BWX
-- RCJ
-- CDX
-- IXA
-- NLGGC
-- DLC
042 ## - AUTHENTICATION CODE
Authentication code lccopycat
043 ## - GEOGRAPHIC AREA CODE
Geographic area code e-uk---
082 ## - DEWEY DECIMAL CLASSIFICATION NUMBER
Classification number 340.092 PRE
100 1# - MAIN ENTRY--PERSONAL NAME
Personal name Prest, Wilfrid R.
245 10 - TITLE STATEMENT
Title William Blackstone :
Remainder of title law and letters in the eighteenth century /
Statement of responsibility, etc. Wilfrid Prest.
260 ## - PUBLICATION, DISTRIBUTION, ETC.
Place of publication, distribution, etc. Oxford :
Name of publisher, distributor, etc. Oxford University Press,
Date of publication, distribution, etc. 2008.
300 ## - PHYSICAL DESCRIPTION
Extent xvii, 355 p., [12] p. of plates :
Other physical details ill. (some col.), maps, plans ;
Dimensions 24
-- cm.
336 ## - CONTENT TYPE
Content type term text
Content type code txt
Source rdacontent
337 ## - MEDIA TYPE
Media type term unmediated
Media type code n
Source rdamedia
338 ## - CARRIER TYPE
Carrier type term volume
Carrier type code nc
Source rdacarrier
504 ## - BIBLIOGRAPHY, ETC. NOTE
Bibliography, etc. note Includes bibliographical references (p. [317]-338) and index.
600 10 - SUBJECT ADDED ENTRY--PERSONAL NAME
Personal name Blackstone, William,
Dates associated with a name 1723-1780.
650 #0 - SUBJECT ADDED ENTRY--TOPICAL TERM
Topical term or geographic name entry element Judges
Geographic subdivision Great Britain
Form subdivision Biography.
655 #7 - INDEX TERM--GENRE/FORM
Genre/form data or focus term Biographies.
Source of term lcgft
Authority record control number or standard number https://id.loc.gov/authorities/genreForms/gf2014026049
906 ## - LOCAL DATA ELEMENT F, LDF (RLIN)
a 7
b cbc
c copycat
d 2
e ncip
f 20
g y-gencatlg
942 ## - ADDED ENTRY ELEMENTS (KOHA)
Source of classification or shelving scheme Dewey Decimal Classification
Koha item type BOOKs
Holdings
Withdrawn status Lost status Damaged status Not for loan Home library Current library Shelving location Date acquired Cost, normal purchase price Total Checkouts Full call number Barcode Date last seen Price effective from Koha item type
        . . Library Compactors 30.05.2017 2375.00   340.092 PRE 23374 30.05.2017 30.05.2017 BOOKs